Regional marketing of natural rubber (Record no. 66618)

MARC details
000 -LEADER
fixed length control field 00437nam a2200145Ia 4500
100 ## - MAIN ENTRY--AUTHOR NAME
Personal name Pawanchee A B B
245 #0 - TITLE STATEMENT
Title Regional marketing of natural rubber
260 ## - PUBLICATION, DISTRIBUTION, ETC. (IMPRINT)
Name of publisher Journal of the Rubber Research Institute of Sri Lanka : Conference Proceedings
Year of publication 1977
300 ## - PHYSICAL DESCRIPTION
Number of Pages 558-565
650 ## - SUBJECT ADDED ENTRY--TOPICAL TERM
Topical Term Buffer stock scheme
650 ## - SUBJECT ADDED ENTRY--TOPICAL TERM
Topical Term Natural rubber
650 ## - SUBJECT ADDED ENTRY--TOPICAL TERM
Topical Term Rubber marketing
942 ## - ADDED ENTRY ELEMENTS (KOHA)
Koha item type Journals
Holdings
Withdrawn status Lost status Damaged status Not for loan Home library Current library Shelving location Date acquired Serial Enumeration / chronology Koha item type
      Journals RRII Library RRII Library Agricultural economics 17/12/2021 Volume 54, Issue 2 Journals